Les 18 premiers éléments du tableau périodique - Statistiques

Statistiques générales
  • Ce quiz a été pris 295 fois
  • Le résultat moyen est 13 sur 18
Statistiques - réponses
Réponse % Correct
1 Hydrogène
97%
6 Carbone
89%
2 Hélium
89%
8 Oxygène
89%
7 Azote
82%
3 Lithium
74%
5 Bore
73%
10 Néon
73%
11 Sodium
72%
4 Béryllium
70%
17 Chlore
69%
9 Fluor
69%
12 Magnésium
69%
18 Argon
65%
15 Phosphore
62%
14 Silicium
61%
16 Soufre
61%
13 Aluminium
60%
Aucun quiz correspondant
Distribution des résultats
% des personnes avec chaque résultat
Percentile par nombre de réponses
Votre historique - résultats
Vous n’avez pas pris ce quiz